<?xml version="1.0" encoding="UTF-8"?>
<record
    xmlns:xsi="http://www.w3.org/2001/XMLSchema-instance"
    xsi:schemaLocation="http://www.loc.gov/MARC21/slim http://www.loc.gov/standards/marcxml/schema/MARC21slim.xsd"
    xmlns="http://www.loc.gov/MARC21/slim">

  <leader>00915na  a2200253   4500</leader>
  <controlfield tag="001">23936</controlfield>
  <controlfield tag="003">MIRAKIL</controlfield>
  <controlfield tag="005">20181213155324.0</controlfield>
  <controlfield tag="008">180124b        tu            000 0      </controlfield>
  <datafield tag="040" ind1=" " ind2=" ">
    <subfield code="a">Milas</subfield>
    <subfield code="b">tur</subfield>
    <subfield code="c">TR-AnCHP</subfield>
  </datafield>
  <datafield tag="041" ind1=" " ind2=" ">
    <subfield code="a">tur</subfield>
  </datafield>
  <datafield tag="082" ind1=" " ind2=" ">
    <subfield code="a">305.4095611023</subfield>
    <subfield code="b">M54 1998</subfield>
  </datafield>
  <datafield tag="090" ind1=" " ind2=" ">
    <subfield code="a">305.4095611023 M54 1998</subfield>
  </datafield>
  <datafield tag="245" ind1=" " ind2=" ">
    <subfield code="a">Milli m&#xFC;cadele'de ve Cumhuriyet'in ilk y&#x131;llar&#x131;nda kad&#x131;nlar&#x131;m&#x131;z</subfield>
    <subfield code="c">haz&#x131;rlayan : Milli Savunma Bakanl&#x131;&#x11F;&#x131; Personel Daire Ba&#x15F;kanl&#x131;&#x11F;&#x131; Ar&#x15F;iv M&#xFC;d&#xFC;rl&#xFC;&#x11F;&#xFC;; &#xE7;eviren H&#xFC;lya Yarar, Cengiz Ero&#x11F;lu </subfield>
  </datafield>
  <datafield tag="260" ind1=" " ind2=" ">
    <subfield code="a">Ankara</subfield>
    <subfield code="b">Milli Savunma Bakanl&#x131;&#x11F;&#x131;</subfield>
    <subfield code="c">1998</subfield>
    <subfield code="f">Pan Matbaas&#x131;</subfield>
  </datafield>
  <datafield tag="300" ind1=" " ind2=" ">
    <subfield code="a">199 s.</subfield>
    <subfield code="b">fot&#x11F;.</subfield>
    <subfield code="c">33 sm.</subfield>
  </datafield>
  <datafield tag="504" ind1=" " ind2=" ">
    <subfield code="a">Kaynak&#xE7;a var.</subfield>
  </datafield>
  <datafield tag="650" ind1=" " ind2=" ">
    <subfield code="a">Kad&#x131;nlar</subfield>
    <subfield code="x">Cumhuriyet d&#xF6;nemi</subfield>
  </datafield>
  <datafield tag="650" ind1=" " ind2=" ">
    <subfield code="a">Kad&#x131;nlar</subfield>
    <subfield code="x">Milli M&#xFC;cadele D&#xF6;nemi</subfield>
  </datafield>
  <datafield tag="700" ind1=" " ind2=" ">
    <subfield code="a">Ero&#x11F;lu, Cengiz</subfield>
    <subfield code="e">&#xE7;ev.</subfield>
  </datafield>
  <datafield tag="700" ind1=" " ind2=" ">
    <subfield code="a">Yarar, H&#xFC;lya</subfield>
    <subfield code="e">&#xE7;ev.</subfield>
  </datafield>
  <datafield tag="710" ind1=" " ind2=" ">
    <subfield code="a">Milli Savunma Bakanl&#x131;&#x11F;&#x131;</subfield>
  </datafield>
  <datafield tag="942" ind1=" " ind2=" ">
    <subfield code="2">dcc</subfield>
    <subfield code="c">BKS</subfield>
  </datafield>
  <datafield tag="952" ind1=" " ind2=" ">
    <subfield code="a">0001</subfield>
    <subfield code="b">0001</subfield>
    <subfield code="d">2018-01-24</subfield>
    <subfield code="e">2</subfield>
    <subfield code="h">c.2</subfield>
    <subfield code="l">0</subfield>
    <subfield code="o">305.4095611023 M54 1998</subfield>
    <subfield code="p">017918</subfield>
    <subfield code="r">2018-01-24 00:00:00</subfield>
    <subfield code="v">0.00</subfield>
    <subfield code="w">2018-01-24</subfield>
    <subfield code="y">BKS</subfield>
  </datafield>
  <datafield tag="999" ind1=" " ind2=" ">
    <subfield code="c">10502</subfield>
    <subfield code="d">10502</subfield>
  </datafield>
</record>
